MARC

Tag First Indicator Second Indicator Subfields
LEADER 00000cam a22000007a 4500
001 in00001663009
005 20151024122419.0
008 020321s2002 dcu f000 0 eng d
035 |a (OCoLC)ocm49393121 
040 |a GPO  |c GPO  |d DLC  |d MvI  |d UtOrBLW 
049 |a UDOC 
074 |a 0718-G 
086 0 |a J 32.21:2002/5 
100 1 |a Harms, Paul. 
245 1 0 |a Robbery cases in juvenile court, 1989-1998 /  |c by Paul Harms. 
264 1 |a [Washington, DC] :  |b U.S. Dept. of Justice, Office of Justice Programs, Office of Juvenile Justice and Delinquency Prevention,  |c [2002] 
300 |a 1 sheet. 
336 |a text  |b txt  |2 rdacontent 
337 |a unmediated  |b n  |2 rdamedia 
338 |a sheet  |b nb  |2 rdacarrier 
490 1 |a OJJDP fact sheet ;  |v #05 
500 |a Shipping list number: 2002-0131-P. 
500 |a Shipping List Date: 03/15/2002 
650 0 |a Robbery  |z United States  |v Statistics. 
650 0 |a Juvenile delinquents  |z United States  |v Statistics. 
710 1 |a United States.  |b Office of Juvenile Justice and Delinquency Prevention. 
830 0 |a Fact sheet (United States. Office of Juvenile Justice and Delinquency Prevention) ;  |v FS-200205. 
999 |a MARS 
999 f f |s becccb68-f9fb-30e7-b0c6-c9e64ac62981  |i ed431718-c846-3d9d-b3c9-c74b17b11265  |t 0 
952 f f |p normal  |a Texas A&M University  |b College Station  |c Sterling C. Evans Library  |d Evans: US Documents (Annex 5th floor)  |t 0  |e J 32.21:2002/5  |h Superintendent of Documents classification  |i unmediated -- sheet  |m A14827991596 
998 f f |a J 32.21:2002/5  |t 0  |l Evans: US Documents (Annex 5th floor)